[Event "Mitropa Cup Open 2019"]
[Site "Radenci"]
[Date "2019.05.31"]
[Round "5.16"]
[White "Horvath, Dominik"]
[Black "Srbis, Jurica"]
[Result "1-0"]
[WhiteElo "2406"]
[BlackElo "2429"]
[Annotator "ChessBase"]
[PlyCount "141"]
[EventDate "2019.05.27"]
[EventType "team-tourn"]
[EventCountry "SLO"]
[SourceTitle "playchess.com"]
[Source "ChessBase"]
[SourceQuality "1"]
[WhiteTeam "Austria"]
[BlackTeam "Croatia"]
[WhiteTeamCountry "AUT"]
[BlackTeamCountry "CRO"]
[TimeControl "40/5400+30:1800+30"]

1. c4 {[%emt 0:00:00]} Nf6 {[%emt 0:00:00]} 2. Nc3 {[%emt 0:00:07]} e6 {[%emt 0:00:13]} 3. e4 {[%emt 0:00:44]} c5 {[%emt 0:07:06]} 4. e5 {[%emt 0:00:22]} Ng8 {[%emt 0:00:10]} 5. Nf3 {[%emt 0:00:05]} Nc6 {[%emt 0:01:58]} 6. d4 {[%emt 0:00:28]} cxd4 {[%emt 0:02:06]} 7. Nxd4 {[%emt 0:00:30]} Qc7 {[%emt 0:18:50]} 8. Ndb5 {[%emt 0:15:35]} Qxe5+ {[%emt 0:01:56]} 9. Qe2 {[%emt 0:00:06]} Qxe2+ {[%emt 0:00:43]} 10. Bxe2 {[%emt 0:00:32]} Kd8 {[%emt 0:00:40]} 11. Bf4 {[%emt 0:08:03]} a6 {[%emt 0:02:20]} 12. Nd6 {[%emt 0:00:35]} Bxd6 {[%emt 0:03:05]} 13. Bxd6 {[%emt 0:00:12]} Nf6 {[%emt 0:00:47]} 14. O-O-O {[%emt 0:07:30]} Ne8 {[%emt 0:00:43]} 15. Bf4 {[%emt 0:00:57]} d6 {[%emt 0:23:21]} 16. Bxd6 {[%emt 0:15:10]} Nxd6 {[%emt 0:00:06]} 17. Rxd6+ {[%emt 0:00:04]} Kc7 {[%emt 0:00:12]} 18. c5 {[%emt 0:00:11]} Rd8 {[%emt 0:00:30]} 19. Rhd1 {[%emt 0:02:52]} Bd7 {[%emt 0:00:10]} 20. Na4 {[%emt 0:02:52]} Be8 {[%emt 0:00:40]} 21. Nb6 {[%emt 0:00:25]} Rab8 {[%emt 0:00:13]} 22. Nc4 {[%emt 0:00:59]} Bd7 {[%emt 0:07:41]} 23. Bf3 {[%emt 0:06:14]} f6 {[%emt 0:04:00]} 24. Bg4 {[%emt 0:03:11]} f5 {[%emt 0:02:09]} 25. Bf3 {[%emt 0:00:04]} Be8 {[%emt 0:00:19]} 26. Nb6 {[%emt 0:09:47]} Rxd6 {[%emt 0:02:06]} 27. Rxd6 {[%emt 0:00:03]} Rd8 {[%emt 0:02:22]} 28. Rxe6 {[%emt 0:00:34]} Bf7 {[%emt 0:00:12]} 29. Re2 {[%emt 0:08:05]} Bxa2 {[%emt 0:00:26]} 30. b4 {[%emt 0:00:02]} Bg8 {[%emt 0:02:05]} 31. Kb2 {[%emt 0:00:09]} g5 {[%emt 0:01:44]} 32. g3 {[%emt 0:04:47]} Bf7 {[%emt 0:02:47]} 33. Kc3 {[%emt 0:00:58]} Re8 {[%emt 0:03:20]} 34. Rd2 {[%emt 0:02:10]} Rd8 {[%emt 0:01:21]} 35. Re2 {[%emt 0:00:33]} Re8 {[%emt 0:00:08]} 36. Rd2 {[%emt 0:01:25]} Rd8 {[%emt 0:00:05]} 37. Rxd8 {[%emt 0:00:13]} Nxd8 {[%emt 0:00:05]} 38. Bd5 {[%emt 0:00:34]} h6 {[%emt 0:07:40]} 39. Bxf7 {[%emt 0:02:45]} Nxf7 {[%emt 0:00:02]} 40. Kd4 {[%emt 0:00:00]} Kc6 {[%emt 0:00:00]} 41. Nc4 {[%emt 0:04:37]} Kb5 {[%emt 0:03:50]} 42. Kd5 {[%emt 0:03:02]} Kxb4 {[%emt 0:00:47]} 43. Nd6 {[%emt 0:00:05]} Nd8 {[%emt 0:05:51]} 44. f4 {[%emt 0:10:34]} g4 {[%emt 0:01:45]} 45. Nxb7 {[%emt 0:00:51]} Nxb7 {[%emt 0:00:01]} 46. c6 {[%emt 0:00:05]} Na5 {[%emt 0:00:06]} 47. c7 {[%emt 0:00:19]} Nc4 {[%emt 0:00:04]} 48. Kc6 {[%emt 0:00:15]} Na5+ {[%emt 0:00:14]} 49. Kb6 {[%emt 0:01:17]} Nc4+ {[%emt 0:00:08]} 50. Kxa6 {[%emt 0:07:19]} Nd6 {[%emt 0:01:52]} 51. Kb6 {[%emt 0:00:04]} Kc4 {[%emt 0:06:23]} 52. Kc6 {[%emt 0:00:04]} Nc8 {[%emt 0:00:51]} 53. Kd7 {[%emt 0:00:05]} Nb6+ {[%emt 0:00:07]} 54. Ke6 {[%emt 0:01:17]} Kc5 {[%emt 0:00:24]} 55. Kxf5 {[%emt 0:00:05]} Kd6 {[%emt 0:00:04]} 56. Kxg4 {[%emt 0:01:19]} Kxc7 {[%emt 0:00:04]} 57. Kh5 {[%emt 0:01:43]} Kd6 {[%emt 0:00:05]} 58. Kxh6 {[%emt 0:00:03]} Nd5 {[%emt 0:00:18]} 59. Kg6 {[%emt 0:00:39]} Ke7 {[%emt 0:01:59]} 60. h4 {[%emt 0:02:10]} Kf8 {[%emt 0:00:37]} 61. h5 {[%emt 0:02:52]} Kg8 {[%emt 0:01:00]} 62. f5 {[%emt 0:00:38]} Ne7+ {[%emt 0:04:08]} 63. Kg5 {[%emt 0:00:09]} Nd5 {[%emt 0:01:06]} 64. Kg6 {[%emt 0:02:01]} Ne7+ {[%emt 0:00:18]} 65. Kf6 {[%emt 0:01:40]} Nd5+ {[%emt 0:03:09]} 66. Ke6 {[%emt 0:00:05]} Nc7+ {[%emt 0:02:20]} 67. Kd6 {[%emt 0:00:09]} Ne8+ {[%emt 0:00:42]} 68. Ke7 {[%emt 0:00:07]} Nc7 {[%emt 0:00:07]} 69. f6 {[%emt 0:01:06]} Nd5+ {[%emt 0:00:10]} 70. Ke6 {[%emt 0:00:05]} Nc7+ {[%emt 0:00:09]} 71. Kd6 {[%emt 0:00:11]} 1-0

[Event "Mitropa Cup Open 2019"]
[Site "Radenci"]
[Date "2019.05.31"]
[Round "5.17"]
[White "Bogner, Sebastian"]
[Black "Sebenik, Matej"]
[Result "1/2-1/2"]
[WhiteElo "2597"]
[BlackElo "2522"]
[Annotator "TA"]
[PlyCount "60"]
[EventDate "2019.05.27"]
[EventType "team-tourn"]
[EventCountry "SLO"]
[SourceTitle "playchess.com"]
[Source "ChessBase"]
[SourceQuality "1"]
[WhiteTeam "Switzerland"]
[BlackTeam "Slovenia"]
[WhiteTeamCountry "SUI"]
[BlackTeamCountry "SLO"]

{[%evp 22,60,35,11,15,23,11,0,0,0,0,0,0,0,0,0,0,0,0,0,0,0,8,8,13,0,0,0,0,0,0,0,0,0,0,0,0,0,0,0,0]} 1. e4 c5 2. Nf3 Nc6 3. Nc3 g6 4. d4 cxd4 5. Nxd4 Bg7 6. Be3 Nf6 7. Bc4 O-O 8. Bb3 d6 9. f3 Bd7 10. Qd2 Nxd4 11. Bxd4 b5 12. a4 b4 {B77: Sicilian Dragon: Yugoslav Attack, 9 Bc4 sidelines} (12... bxa4 13. Bxa4 Be6 14. O-O Qc7 15. Rfc1 Qb7 16. Nd1 Rfc8 17. Ne3 Bh6 18. Ra3 Rc4 19. Bb3 Qb4 20. Qxb4 Rxb4 21. Bxe6 Rxd4 {½-½ (40) Grischuk,A (2771)-Savchenko,B (2562) St Petersburg 2018}) 13. Nd5 Nxd5 $1 14. exd5 {The position is equal.} Bxd4 15. Qxd4 a5 16. h4 Rc8 17. h5 Bf5 18. O-O-O $146 ({Predecessor:} 18. Rc1 gxh5 19. Rxh5 Bg6 20. Rh4 Qd7 21. Kf2 Qf5 22. Re1 Rc7 23. Rf4 Qd7 24. Kg1 Rfc8 25. Qf2 {½-½ (25) Terekhov,A (2421)-Cremasco,G (2499) ICCF email 2014}) 18... Bxc2 $1 19. Bxc2 b3 $1 {[%mdl 64] [#] Pin} 20. Rd2 Qd7 21. Qe4 {[%cal Rh5g6]} Rxc2+ 22. Rxc2 bxc2 23. hxg6 $40 {[%mdl 128] White mounts an attack.} fxg6 $11 {[%mdl 4096] Endgame KQR-KQR} 24. Re1 Rb8 25. Qxe7 Qxa4 {[#] Threatens to win with ...Qa1+.} 26. Qe6+ Kg7 27. Qe7+ Kg8 {Strongly threatening ...Qd4!} 28. Qe6+ Kg7 {And now ...Rb7 would win.} 29. Qe7+ Kg8 {White must now prevent ...Qd4!} 30. Qe6+ Kg7 {Accuracy: White = 82%, Black = 97%.} 1/2-1/2

[Event "Mitropa Cup Open 2019"]
[Site "Radenci"]
[Date "2019.05.31"]
[Round "5.18"]
[White "Tomazini, Zan"]
[Black "Pelletier, Yannick"]
[Result "0-1"]
[WhiteElo "2378"]
[BlackElo "2547"]
[Annotator "TA"]
[PlyCount "56"]
[EventDate "2019.05.27"]
[EventType "team-tourn"]
[EventCountry "SLO"]
[SourceTitle "playchess.com"]
[Source "ChessBase"]
[SourceQuality "1"]
[WhiteTeam "SLO"]
[BlackTeam "SUI"]
[WhiteTeamCountry "SLO"]

{[%evp 9,86,0,12,16,14,19,11,8,12,9,11,9,7,0,0,0,0,0,0,-29,-33,-65,-40,-343,-345,-363,-342,-354,-352,-359,-286,-297,-281,-343,-334,-372,-381,-628,-613,-977,-943,-1089,-1082,-1056,-990,-5887,-5504,-1995,-1610,-1620,-1618,-1551,-1520,-1506,-1467,-1410,-1388,-5097,-5102,-5085,-4347,-4589,-5021,-4133,-4133,-3465,-3063,-12832,-9913,-7236,-6179,-29976,-29976,-29973,-29966,-29983,-29984,-29984,-29984]} 1. e4 c5 2. Nf3 d6 3. Bb5+ Bd7 4. c4 Nf6 5. Nc3 Bxb5 (5... a6 6. Bxd7+ Nbxd7 7. a4 e6 8. O-O Ne5 9. Nxe5 dxe5 10. d3 Bd6 11. a5 Nd7 12. Qg4 O-O {½-½ (79) Harikrishna,P (2730)-Pelletier,Y (2559) Switzerland 2019}) 6. cxb5 {B52: Sicilian: Moscow Variation with 3...Bd7} a6 7. Qb3 $146 ({Predecessor:} 7. e5 dxe5 8. Nxe5 Nbd7 9. Nc4 Nb6 10. Qb3 Nxc4 11. Qxc4 e6 12. O-O {½-½ (74) Huebner,R (2605)-Aranovitch,E (2356) Switzerland 2018}) 7... axb5 8. Qxb5+ {The position is equal.} Qd7 9. d4 cxd4 10. Nxd4 Nc6 11. Nb3 g6 12. Bg5 {Strongly threatening Bxf6.} Bg7 13. O-O O-O 14. Rfe1 Qg4 {...Na7 is the strong threat.} 15. h3 Qh5 $1 16. a4 $2 {[%mdl 8192] [#]} ({White should try} 16. Bd2 $15) 16... Na7 $1 $19 {[%cal Ra7b5]} 17. g4 Nxg4 ({Weaker is} 17... Nxb5 18. gxh5 Nxc3 19. bxc3 $17) (17... Qxh3 18. Qf1 $19) 18. Qe2 Qxh3 ({Less strong is} 18... Qxg5 19. Qxg4 Qxg4+ 20. hxg4 $19) 19. f3 Bxc3 20. bxc3 Ne5 21. Nd2 Rfc8 22. Bxe7 Rxc3 23. Bxd6 $2 (23. Qg2 Qe6 24. Bg5) 23... Nac6 {aiming for ...Rd8.} 24. Rad1 Nd4 {[%mdl 64] Double Attack} 25. Bxe5 Nxe2+ 26. Rxe2 Rd3 27. Bf6 Rxf3 {( -> ...Rg3+)} 28. Be5 Rd3 {Played: Ra8-e8} 0-1

[Event "Mitropa Cup Open 2019"]
[Site "Radenci"]
[Date "2019.05.31"]
[Round "5.19"]
[White "Studer, Noel"]
[Black "Janzelj, Tim"]
[Result "1-0"]
[WhiteElo "2517"]
[BlackElo "2384"]
[Annotator "TA"]
[PlyCount "65"]
[EventDate "2019.05.27"]
[EventType "team-tourn"]
[EventCountry "SLO"]
[SourceTitle "playchess.com"]
[Source "ChessBase"]
[SourceQuality "1"]
[WhiteTeam "SUI"]
[BlackTeam "SLO"]
[WhiteTeamCountry "SUI"]

{[%evp 19,65,31,27,37,31,32,36,20,46,22,25,32,54,0,0,-27,-25,-35,-9,-11,-12,-18,-13,-39,-41,-54,-35,-76,-72,-83,-46,-161,-124,-168,-53,-53,-33,-143,0,-1,206,0,0,0,0,0,809,791]} 1. e4 d6 2. d4 Nf6 3. Nc3 e5 4. Nf3 Nbd7 5. Bc4 Be7 6. a4 c6 7. O-O O-O 8. Re1 b6 9. h3 a6 10. Ba2 Rb8 11. Be3 {C41: Philidor Defence} b5 12. axb5 axb5 13. b4 {White is slightly better.} Qc7 14. Bb3 Nb6 15. Qd3 h6 {[#]} 16. d5 $146 (16. dxe5 $14 dxe5 17. Bc5) ({Predecessor:} 16. Red1 Be6 17. Bxe6 fxe6 18. dxe5 dxe5 19. Bxb6 Qxb6 {½-½ (36) Areshchenko,A (2709)-Felgaer,R (2586) Tromsoe 2013}) 16... cxd5 $11 17. exd5 ({Of course not} 17. Nxb5 Qd8 $17) (17. Bxb6 $5 Qxb6 18. Bxd5 $11 (18. Nxd5 Nxd5 19. Bxd5 Bb7 $11) (18. exd5 Bd7 $15)) 17... Bd7 18. Nh4 Rfc8 19. Nxb5 Bxb5 20. Qxb5 Nc4 21. Qc6 (21. Qxc4 $5 Qxc4 22. Bxc4 Rxc4 {[%mdl 64] Double Attack} 23. Nf5 $11) 21... Qd8 ({But not} 21... Rxb4 22. Nf5 $14) 22. Qa6 Nxd5 23. Nf5 Nxb4 24. Qa4 Nxe3 25. fxe3 (25. Nxe3 $15 Bg5 26. Nd5) 25... d5 26. e4 dxe4 (26... Bg5 $19 {And now ...g6 would win.} 27. exd5 g6) 27. Rad1 $15 Bc5+ 28. Kh1 {[#]} ({White has to play} 28. Kh2 $1 $15 Qg5 29. Rf1) 28... Qf6 (28... Qg5 $1 $17 {[%cal Rg5f5]} 29. Qd7 Kh7) 29. Rf1 $132 {[%mdl 2048] aiming for Nd6! White puts up resistance} Rc7 $2 {[#]} (29... Qg5 $11 30. Qd7 Kh8 31. Qxf7 e3) 30. Rd7 $2 (30. Nd6 $1 $18 {[%mdl 512]} Qh4 (30... Bxd6 31. Rxf6) 31. Qa5 Bxd6 32. Rxd6) 30... Rxd7 31. Qxd7 Rf8 32. Qc7 Qc6 $2 {[%mdl 8192]} (32... Nc6 $11) 33. Qxe5 {Accuracy: White = 46%, Black = 43%.} 1-0

[Event "Mitropa Cup Open 2019"]
[Site "Radenci"]
[Date "2019.05.31"]
[Round "5.20"]
[White "Subelj, Jan"]
[Black "Stijve, Theo"]
[Result "0-1"]
[WhiteElo "2407"]
[BlackElo "2310"]
[Annotator "ChessBase"]
[PlyCount "160"]
[EventDate "2019.05.27"]
[EventType "team-tourn"]
[EventCountry "SLO"]
[SourceTitle "playchess.com"]
[Source "ChessBase"]
[SourceQuality "1"]
[WhiteTeam "Slovenia"]
[BlackTeam "Switzerland"]
[WhiteTeamCountry "SLO"]
[BlackTeamCountry "SUI"]
[TimeControl "40/5400+30:1800+30"]

1. e4 {[%emt 0:00:00]} c5 {[%emt 0:00:10]} 2. Nf3 {[%emt 0:00:12]} Nc6 {[%emt 0:00:10]} 3. Bb5 {[%emt 0:00:39]} g6 {[%emt 0:00:10]} 4. O-O {[%emt 0:01:46]} Bg7 {[%emt 0:00:10]} 5. Re1 {[%emt 0:01:57]} e5 {[%emt 0:01:00]} 6. Bxc6 {[%emt 0:01:25]} dxc6 {[%emt 0:00:54]} 7. a3 {[%emt 0:03:45]} c4 {[%emt 0:09:41]} 8. a4 {[%emt 0:15:44]} Be6 {[%emt 0:10:15]} 9. Qe2 {[%emt 0:00:19]} Rb8 {[%emt 0:03:26]} 10. Na3 {[%emt 0:01:19]} b5 {[%emt 0:00:24]} 11. axb5 {[%emt 0:00:56]} cxb5 {[%emt 0:00:20]} 12. b3 {[%emt 0:00:17]} cxb3 {[%emt 0:07:43]} 13. cxb3 {[%emt 0:04:16]} Qd7 {[%emt 0:08:50]} 14. Bb2 {[%emt 0:02:53]} Bg4 {[%emt 0:00:29]} 15. Rac1 {[%emt 0:03:53]} Ne7 {[%emt 0:03:02]} 16. Rc5 {[%emt 0:00:27]} O-O {[%emt 0:03:56]} 17. Nxb5 {[%emt 0:22:18]} a6 {[%emt 0:03:36]} 18. Nc3 {[%emt 0:00:17]} Rxb3 {[%emt 0:01:59]} 19. Ba1 {[%emt 0:00:28]} Rc8 {[%emt 0:08:14]} 20. Ra5 {[%emt 0:02:25]} Bxf3 {[%emt 0:05:57]} 21. gxf3 {[%emt 0:00:19]} Nc6 {[%emt 0:02:13]} 22. Rd5 {[%emt 0:00:26]} Qh3 {[%emt 0:04:01]} 23. Qf1 {[%emt 0:06:33]} Qxf3 {[%emt 0:05:53]} 24. Re3 {[%emt 0:00:10]} Qg4+ {[%emt 0:01:37]} 25. Rg3 {[%emt 0:00:05]} Qh4 {[%emt 0:01:50]} 26. Qxa6 {[%emt 0:00:58]} Rbb8 {[%emt 0:00:59]} 27. Qf1 {[%emt 0:03:23]} Nd4 {[%emt 0:01:14]} 28. Qd3 {[%emt 0:11:13]} Qe7 {[%emt 0:05:42]} 29. Kh1 {[%emt 0:01:52]} Rb3 {[%emt 0:03:55]} 30. Rg1 {[%emt 0:02:12]} Qf6 {[%emt 0:02:21]} 31. Rf1 {[%emt 0:02:37]} Bh6 {[%emt 0:02:29]} 32. Qh3 {[%emt 0:03:23]} Rcb8 {[%emt 0:01:18]} 33. Qxh6 {[%emt 0:04:24]} Qf3+ {[%emt 0:00:09]} 34. Kg1 {[%emt 0:00:00]} Qg4+ {[%emt 0:00:07]} 35. Kh1 {[%emt 0:00:08]} Qf3+ {[%emt 0:00:05]} 36. Kg1 {[%emt 0:00:04]} Rxc3 {[%emt 0:01:38]} 37. Rxd4 {[%emt 0:00:05]} Qg4+ {[%emt 0:00:06]} 38. Kh1 {[%emt 0:00:04]} Qf3+ {[%emt 0:00:07]} 39. Kg1 {[%emt 0:00:01]} Qg4+ {[%emt 0:00:10]} 40. Kh1 {[%emt 0:00:00]} Rh3 {[%emt 0:00:00]} 41. f3 {[%emt 0:00:06]} Rxh6 {[%emt 0:08:03]} 42. fxg4 {[%emt 0:00:08]} exd4 {[%emt 0:00:06]} 43. Bxd4 {[%emt 0:00:04]} Rb4 {[%emt 0:05:47]} 44. Bf6 {[%emt 0:04:44]} Rh3 {[%emt 0:06:04]} 45. Rc1 {[%emt 0:01:44]} Rb8 {[%emt 0:00:49]} 46. d4 {[%emt 0:00:13]} Rhb3 {[%emt 0:04:20]} 47. Kg2 {[%emt 0:00:48]} Re3 {[%emt 0:05:08]} 48. d5 {[%emt 0:09:51]} Rxe4 {[%emt 0:00:33]} 49. d6 {[%emt 0:00:18]} Re2+ {[%emt 0:03:03]} 50. Kf3 {[%emt 0:00:02]} Rd2 {[%emt 0:00:10]} 51. Be7 {[%emt 0:00:06]} f6 {[%emt 0:01:54]} 52. Ke3 {[%emt 0:04:39]} Rd5 {[%emt 0:00:16]} 53. Ke4 {[%emt 0:01:27]} Re5+ {[%emt 0:00:15]} 54. Kd4 {[%emt 0:00:09]} Kf7 {[%emt 0:00:41]} 55. Rf1 {[%emt 0:00:36]} Re6 {[%emt 0:02:56]} 56. Kc5 {[%emt 0:02:25]} Rb7 {[%emt 0:00:45]} 57. g5 {[%emt 0:00:34]} f5 {[%emt 0:00:32]} 58. Bf6 {[%emt 0:00:06]} Rd7 {[%emt 0:00:33]} 59. Rd1 {[%emt 0:01:06]} Re2 {[%emt 0:00:19]} 60. Kc6 {[%emt 0:01:14]} Ke6 {[%emt 0:00:12]} 61. Be7 {[%emt 0:00:05]} Rc2+ {[%emt 0:00:52]} 62. Kb6 {[%emt 0:00:07]} Re2 {[%emt 0:00:38]} 63. Rf1 {[%emt 0:00:38]} Re4 {[%emt 0:00:34]} 64. Rf3 {[%emt 0:00:55]} Re2 {[%emt 0:00:31]} 65. Rf1 {[%emt 0:01:19]} Rxe7 {[%emt 0:00:25]} 66. dxe7 {[%emt 0:00:21]} Kxe7 {[%emt 0:00:04]} 67. h4 {[%emt 0:00:21]} Ke6 {[%emt 0:00:42]} 68. Kc5 {[%emt 0:01:03]} Ke5 {[%emt 0:00:12]} 69. Kc4 {[%emt 0:00:18]} Re4+ {[%emt 0:00:44]} 70. Kd3 {[%emt 0:00:07]} Rxh4 {[%emt 0:00:06]} 71. Ke3 {[%emt 0:00:20]} Re4+ {[%emt 0:00:19]} 72. Kd3 {[%emt 0:00:01]} Rg4 {[%emt 0:00:12]} 73. Rh1 {[%emt 0:00:06]} Rxg5 {[%emt 0:00:09]} 74. Rxh7 {[%emt 0:00:04]} Rg3+ {[%emt 0:00:13]} 75. Ke2 {[%emt 0:00:06]} g5 {[%emt 0:00:05]} 76. Ra7 {[%emt 0:00:10]} Rg2+ {[%emt 0:00:45]} 77. Kf3 {[%emt 0:00:10]} Rd2 {[%emt 0:00:14]} 78. Re7+ {[%emt 0:00:16]} Kf6 {[%emt 0:00:08]} 79. Re3 {[%emt 0:00:06]} g4+ {[%emt 0:00:20]} 80. Kf4 {[%emt 0:00:14]} Rd4+ {[%emt 0:00:06]} 0-1

[Event "Mitropa Cup Open 2019"]
[Site "Radenci"]
[Date "2019.06.01"]
[Round "6.1"]
[White "Mihok, Oliver"]
[Black "Sebenik, Matej"]
[Result "1/2-1/2"]
[WhiteElo "2541"]
[BlackElo "2522"]
[Annotator "ChessBase"]
[PlyCount "110"]
[EventDate "2019.05.27"]
[EventType "team-tourn"]
[EventCountry "SLO"]
[SourceTitle "playchess.com"]
[Source "ChessBase"]
[SourceQuality "1"]
[WhiteTeam "Hungary"]
[BlackTeam "Slovenia"]
[WhiteTeamCountry "HUN"]
[BlackTeamCountry "SLO"]
[TimeControl "40/5400+30:1800+30"]

1. e4 {[%emt 0:00:00]} c5 {[%emt 0:00:00]} 2. Nf3 {[%emt 0:00:00]} Nc6 {[%emt 0:00:00]} 3. d4 {[%emt 0:00:07]} cxd4 {[%emt 0:00:08]} 4. Nxd4 {[%emt 0:00:04]} Nf6 {[%emt 0:00:16]} 5. Nc3 {[%emt 0:00:07]} e5 {[%emt 0:00:08]} 6. Ndb5 {[%emt 0:00:26]} d6 {[%emt 0:00:09]} 7. Bg5 {[%emt 0:00:07]} a6 {[%emt 0:00:10]} 8. Na3 {[%emt 0:00:05]} b5 {[%emt 0:00:07]} 9. Bxf6 {[%emt 0:01:22]} gxf6 {[%emt 0:00:10]} 10. Nd5 {[%emt 0:00:10]} f5 {[%emt 0:00:15]} 11. Bd3 {[%emt 0:00:19]} Be6 {[%emt 0:00:44]} 12. c3 {[%emt 0:00:15]} Bg7 {[%emt 0:02:59]} 13. Nxb5 {[%emt 0:00:43]} axb5 {[%emt 0:02:15]} 14. Bxb5 {[%emt 0:00:05]} Rc8 {[%emt 0:01:02]} 15. Qa4 {[%emt 0:00:12]} Bd7 {[%emt 0:00:07]} 16. exf5 {[%emt 0:00:21]} O-O {[%emt 0:00:05]} 17. O-O {[%emt 0:08:04]} e4 {[%emt 0:00:09]} 18. Rfe1 {[%emt 0:14:52]} Ne5 {[%emt 0:01:19]} 19. Bxd7 {[%emt 0:05:02]} Nxd7 {[%emt 0:00:09]} 20. Qxe4 {[%emt 0:01:46]} Nf6 {[%emt 0:00:23]} 21. Nxf6+ {[%emt 0:06:59]} Bxf6 {[%emt 0:00:08]} 22. a4 {[%emt 0:03:28]} d5 {[%emt 0:05:42]} 23. Qe2 {[%emt 0:09:12]} Qd7 {[%emt 0:11:47]} 24. Qd3 {[%emt 0:07:16]} Kh8 {[%emt 0:10:00]} 25. a5 {[%emt 0:07:53]} Rb8 {[%emt 0:20:23]} 26. Re2 {[%emt 0:02:55]} Qb5 {[%emt 0:02:06]} 27. Qxb5 {[%emt 0:06:24]} Rxb5 {[%emt 0:00:07]} 28. a6 {[%emt 0:00:52]} Ra8 {[%emt 0:00:24]} 29. g4 {[%emt 0:02:20]} h6 {[%emt 0:15:14]} 30. Rd2 {[%emt 0:08:05]} Ra7 {[%emt 0:02:14]} 31. Ra4 {[%emt 0:03:22]} Kg7 {[%emt 0:04:35]} 32. Kg2 {[%emt 0:00:41]} Rb6 {[%emt 0:00:11]} 33. Ra2 {[%emt 0:05:31]} d4 {[%emt 0:00:32]} 34. cxd4 {[%emt 0:00:15]} Raxa6 {[%emt 0:00:05]} 35. Rxa6 {[%emt 0:00:04]} Rxa6 {[%emt 0:00:05]} 36. Kf3 {[%emt 0:01:21]} Rb6 {[%emt 0:04:08]} 37. Ke4 {[%emt 0:00:34]} Kf8 {[%emt 0:00:16]} 38. f4 {[%emt 0:01:08]} Ke7 {[%emt 0:01:23]} 39. Rg2 {[%emt 0:02:15]} Rb4 {[%emt 0:00:10]} 40. Rd2 {[%emt 0:00:00]} Kd7 {[%emt 0:00:00]} 41. Kd5 {[%emt 0:05:06]} Rb3 {[%emt 0:08:09]} 42. Rg2 {[%emt 0:03:40]} Rb6 {[%emt 0:12:46]} 43. g5 {[%emt 0:04:05]} Rd6+ {[%emt 0:00:14]} 44. Ke4 {[%emt 0:01:51]} Rxd4+ {[%emt 0:12:55]} 45. Ke3 {[%emt 0:01:50]} hxg5 {[%emt 0:00:05]} 46. fxg5 {[%emt 0:00:06]} Be5 {[%emt 0:00:02]} 47. g6 {[%emt 0:02:09]} fxg6 {[%emt 0:00:04]} 48. fxg6 {[%emt 0:00:13]} Bg7 {[%emt 0:00:06]} 49. Rd2 {[%emt 0:08:51]} Rxd2 {[%emt 0:00:06]} 50. Kxd2 {[%emt 0:00:04]} Bxb2 {[%emt 0:00:06]} 51. Ke3 {[%emt 0:00:06]} Ke7 {[%emt 0:00:08]} 52. h4 {[%emt 0:00:06]} Kf6 {[%emt 0:00:08]} 53. h5 {[%emt 0:00:04]} Kg5 {[%emt 0:00:05]} 54. g7 {[%emt 0:00:05]} Bxg7 {[%emt 0:00:04]} 55. h6 {[%emt 0:00:04]} Bxh6 {[%emt 0:00:04]} 1/2-1/2

[Event "Mitropa Cup Open 2019"]
[Site "Radenci"]
[Date "2019.06.01"]
[Round "6.2"]
[White "Markoja, Boris"]
[Black "Nagy, Gabor"]
[Result "1-0"]
[WhiteElo "2441"]
[BlackElo "2471"]
[Annotator "ChessBase"]
[PlyCount "93"]
[EventDate "2019.05.27"]
[EventType "team-tourn"]
[EventCountry "SLO"]
[SourceTitle "playchess.com"]
[Source "ChessBase"]
[SourceQuality "1"]
[WhiteTeam "Slovenia"]
[BlackTeam "Hungary"]
[WhiteTeamCountry "SLO"]
[BlackTeamCountry "HUN"]
[TimeControl "40/5400+30:1800+30"]

1. c4 {[%emt 0:00:00]} Nf6 {[%emt 0:00:22]} 2. Nc3 {[%emt 0:00:00]} g6 {[%emt 0:00:53]} 3. e4 {[%emt 0:00:41]} d6 {[%emt 0:00:42]} 4. d4 {[%emt 0:00:31]} Bg7 {[%emt 0:00:24]} 5. h3 {[%emt 0:00:25]} O-O {[%emt 0:00:46]} 6. Be3 {[%emt 0:00:13]} e5 {[%emt 0:00:55]} 7. d5 {[%emt 0:00:17]} a5 {[%emt 0:00:13]} 8. g4 {[%emt 0:01:19]} Na6 {[%emt 0:01:13]} 9. Nge2 {[%emt 0:00:43]} Nc5 {[%emt 0:02:59]} 10. Ng3 {[%emt 0:00:46]} Qe7 {[%emt 0:03:01]} 11. Be2 {[%emt 0:04:07]} c6 {[%emt 0:03:22]} 12. h4 {[%emt 0:06:34]} cxd5 {[%emt 0:09:23]} 13. cxd5 {[%emt 0:01:23]} Qd7 {[%emt 0:08:00]} 14. f3 {[%emt 0:02:36]} h5 {[%emt 0:01:06]} 15. gxh5 {[%emt 0:06:01]} Nxh5 {[%emt 0:00:28]} 16. Nxh5 {[%emt 0:00:11]} gxh5 {[%emt 0:00:08]} 17. Qd2 {[%emt 0:01:20]} f5 {[%emt 0:00:48]} 18. O-O-O {[%emt 0:03:23]} Qc7 {[%emt 0:03:35]} 19. Kb1 {[%emt 0:02:12]} f4 {[%emt 0:02:31]} 20. Bf2 {[%emt 0:03:22]} Bd7 {[%emt 0:01:33]} 21. Bb5 {[%emt 0:05:37]} b6 {[%emt 0:10:01]} 22. Bc6 {[%emt 0:08:20]} Bxc6 {[%emt 0:05:53]} 23. dxc6 {[%emt 0:00:24]} Qxc6 {[%emt 0:00:11]} 24. Qxd6 {[%emt 0:00:22]} Qxd6 {[%emt 0:01:31]} 25. Rxd6 {[%emt 0:00:08]} Rad8 {[%emt 0:00:50]} 26. Rxb6 {[%emt 0:09:51]} Nd3 {[%emt 0:02:05]} 27. Rf1 {[%emt 0:00:48]} Rb8 {[%emt 0:02:34]} 28. Nd5 {[%emt 0:02:41]} Nxf2 {[%emt 0:00:53]} 29. Rxb8 {[%emt 0:00:38]} Rxb8 {[%emt 0:00:18]} 30. Rxf2 {[%emt 0:00:05]} Kf7 {[%emt 0:00:25]} 31. Rc2 {[%emt 0:01:01]} Bf8 {[%emt 0:00:24]} 32. Rc7+ {[%emt 0:05:01]} Ke6 {[%emt 0:00:19]} 33. Kc2 {[%emt 0:00:39]} Bd6 {[%emt 0:00:13]} 34. Rh7 {[%emt 0:04:04]} Rc8+ {[%emt 0:00:23]} 35. Kb1 {[%emt 0:01:25]} Bc5 {[%emt 0:01:00]} 36. Rh6+ {[%emt 0:00:54]} Kf7 {[%emt 0:00:11]} 37. Rxh5 {[%emt 0:00:19]} Be3 {[%emt 0:00:13]} 38. Rh7+ {[%emt 0:04:41]} Ke6 {[%emt 0:00:13]} 39. Rh6+ {[%emt 0:00:19]} Kf7 {[%emt 0:00:16]} 40. Rh7+ {[%emt 0:00:00]} Ke6 {[%emt 0:00:00]} 41. Rc7 {[%emt 0:05:18]} Rg8 {[%emt 0:00:24]} 42. Rc6+ {[%emt 0:01:13]} Kf7 {[%emt 0:00:06]} 43. Rf6+ {[%emt 0:00:23]} Ke8 {[%emt 0:00:44]} 44. Re6+ {[%emt 0:01:14]} Kf7 {[%emt 0:00:11]} 45. Re7+ {[%emt 0:00:36]} Kf8 {[%emt 0:00:13]} 46. Rxe5 {[%emt 0:00:21]} Rg2 {[%emt 0:00:40]} 47. Nxf4 {[%emt 0:01:03]} 1-0